| 000 | 00949 a2200229 4500 | ||
|---|---|---|---|
| 008 | 080821t xxu||||| |||| 00| 0 eng d | ||
| 010 | _aENG-84976 | ||
| 020 |
_a8175345357 _c1295.00 |
||
| 035 | _aEN-68509 | ||
| 037 | _bD.B.Act / Pub | ||
| 082 | _a328.54 | ||
| 100 | _aKashyap, Subhash C. | ||
| 245 |
_aParliamentary procedure _bthe law, privileges, practice, and precedents _cSubhash C. Kashyap. |
||
| 250 | _a2nd ed | ||
| 260 |
_aDelhi _bUniversal Law Publishing _c2006 |
||
| 270 |
_aC-FF-1A, Dilkhush Industrial Area, G. T. Karnal Road, _bDelhi _cDelhi _k27438103 _l27458529 _msales@unilawbooks.com |
||
| 300 |
_aCix, 1228 p. _c24 cm. (Hb) |
||
| 500 | _aIncludes indexes. | ||
| 650 |
_aParliamentary practice _zIndia. |
||
| 942 |
_adpl _cEN _k328.54 / KAS _2ddc _h328.54 _mKAS |
||
| 999 |
_c826 _d826 |
||